Szimptomatikus GERD beteg korrekt és költségkímélő funkcionális kivizsgálásának menete

Elmentve itt :
Bibliográfiai részletek
Szerző: Wittmann Tibor
Dokumentumtípus: Könyv része
Megjelent: Medicom Budapest 1993
Sorozat:Gastro-oesophageális reflux betegség: válogatott kérdések és vezérfonal a kezeléshez
Tárgyszavak:
mtmt:1304296
Online Access:http://publicatio.bibl.u-szeged.hu/32195
LEADER 00780naa a2200205 i 4500
001 publ32195
005 20250508124920.0
008 250508s1993 hu o 000 hun d
020 |a 9638089237 
024 7 |a 1304296  |2 mtmt 
040 |a SZTE Publicatio Repozitórium  |b hun 
041 |a hun 
100 1 |a Wittmann Tibor 
245 1 0 |a Szimptomatikus GERD beteg korrekt és költségkímélő funkcionális kivizsgálásának menete  |h [elektronikus dokumentum] /  |c  Wittmann Tibor 
260 |a Medicom  |b Budapest  |c 1993 
300 |a 4 
300 |a 98-101 
490 0 |a Gastro-oesophageális reflux betegség: válogatott kérdések és vezérfonal a kezeléshez 
650 4 |a Klinikai orvostan 
856 4 0 |u http://publicatio.bibl.u-szeged.hu/32195/3/aok_klny_875_93%282%29.pdf  |z Dokumentum-elérés